Statistics for Capital City by elevation

Click here to take the quiz!

General Stats

  • This quiz has been taken 206 times
  • The average score is 28 of 51

Answer Stats

Height in metres Answer % Correct
3640La Paz
90%
2240Mexico City
85%
1400Kathmandu
85%
2850Quito
83%
2625Bogota
80%
521Santiago
77%
542Bern
72%
1795Nairobi
71%
1790Kabul
70%
1271Pretoria
69%
507Islamabad
69%
1079Brasilia
68%
1567Kigali
66%
771Bishkek
66%
1190Kampala
62%
789Dushanbe
62%
909Caracas
62%
938Ankara
62%
1529Guatemala City
61%
2648Thimphu
61%
1023Andorra La Vella
61%
667Madrid
61%
1350Ulaanbaatar
60%
2355Addis Ababa
57%
1830Tehran
55%
1146San Jose
54%
794Bujumbura
51%
989Yerevan
51%
1270Lusaka
49%
1024Lilongwe
48%
1673Maseru
48%
1483Harare
47%
605Canberra
47%
1120Dodoma
47%
759Amman
46%
1721Windhoek
46%
990Tegucigalpa
46%
624Riyadh
45%
658San Salvador
44%
754Jerusalem
43%
691Damascus
43%
983Gaborone
43%
2325Asmara
43%
1243Mbabane
41%
2250Sanaa
40%
550Juba
40%
777Abuja
38%
1288Antananarivo
37%
726Yaounde
34%
580Sofia
32%
518Sarajevo
29%

Score Distribution

Percentile by Number Answered

Percent of People with Each Score

Your Score History

You have not taken this quiz